Normal view MARC view

Entry Personal Name

Number of records used in: 2

001 - CONTROL NUMBER

  • control field: 67694

003 - CONTROL NUMBER IDENTIFIER

  • control field: dpl

005 - DATE AND TIME OF LATEST TRANSACTION

  • control field: 20240625154659.0

008 - FIXED-LENGTH DATA ELEMENTS

  • fixed length control field: 240625|| aca||aabn | a|a d

040 ## - CATALOGING SOURCE

  • Original cataloging agency: dpl
  • Transcribing agency: dpl

100 ## - HEADING--PERSONAL NAME

  • Personal name: Gupta, Seema

670 ## - SOURCE DATA FOUND

  • Source citation: Work cat.: (dpl)203697: Gupta, Seema, Soft Skills:

© Delhi Public Library
Hit Counter
free hit counter